000 01257cam a2200133 4500500
005 20260329023153.0
041 _afre
042 _adc
100 1 0 _aAmy de la Bretèque, François
_eauthor
245 0 0 _aLe Moyen Âge au cinéma : Panorama historique et artistique
260 _bArmand Colin,
_c2015.
520 _aLe Moyen Âge nous a légué un réservoir de récits, un trésor d’anecdotes et de situations, une galerie de personnages et un répertoire de motifs et de situations visuelles propices à la création cinématographique.De Jeanne d’Arc de Georges Méliès au Nom de la Rose de Jean-Jacques Annaud, en passant par Robin des Bois de Alan Dwan et Kingdom of heaven de Ridley Scott, cet ouvrage dresse un vaste panorama du cinéma d’inspiration médiévale ou dont l’action se situe explicitement au Moyen Âge : un Moyen Âge vulgarisé, revisité, hérité et transmis par une longue chaîne d’œuvres et de représentations qui ont évolué tout au long du vingtième siècle. Plus de 100 ans de cinéma qui nous renseignent moins sur cette période phare de notre histoire que sur notre propre identité.
856 4 1 _uhttps://shs.cairn.info/le-moyen-age-au-cinema--9782200286378?lang=fr&redirect-ssocas=7080
999 _c1925223
_d1925223